00330nam a2200133Ia 4500008004100000020001500041041001200056082001600068100001300084245004800097260003600145300000800181650000700189221030s9999 xx 000 0 und d a8178083213 aEnglish a105.23bWil aT. Wildi 0aElectrical Machines, Drives & Power Systems bAddison WesleyaNew Delhic2001 a858 aEE